International Tables for Crystallography. Volume B : Reciprocal Space /

Guardado en:
Detalles Bibliográficos
Otros Autores: Shmueli, U (Compilador)
Formato: Libro
Lenguaje:inglés
Publicado: Dordrecht : The International Union of Crystallography, 1993
Etiquetas: Agregar Etiqueta
Sin Etiquetas, Sea el primero en etiquetar este registro!

MARC

LEADER 00000nam a22000003a 4500
001 stu22111
005 20150617225749.1
008 940121s1993----ne------------------eng-d
020 |a 0-7923-2189-8 
040 |a STU  |b slo 
041 0 |a eng 
044 |a ne 
080 |a 548.3(03)  |7 stu_us_auth*stu4722 
100 1 |a Shmueli, U  |4 com 
245 1 |a International Tables for Crystallography. Volume B :  |b Reciprocal Space /  |c Edited by Shmueli,U 
260 |a Dordrecht :  |b The International Union of Crystallography,  |c 1993 
300 |a 506 s :  |b Tab.,grafy,index,lit 
996 |b C92437  |c C*92437  |l CCI  |s A  |a 24  |w stu22111_0001